2018 sketch collection (Record no. 9487)
[ view plain ]
| 000 -LEADER | |
|---|---|
| fixed length control field | 00286nam a22001337a 4500 |
| 003 - CONTROL NUMBER IDENTIFIER | |
| control field | OSt |
| 005 - DATE AND TIME OF LATEST TRANSACTION | |
| control field | 20210629112806.0 |
| 008 - FIXED-LENGTH DATA ELEMENTS--GENERAL INFORMATION | |
| fixed length control field | 210629b ||||| |||| 00| 0 eng d |
| 082 ## - DEWEY DECIMAL CLASSIFICATION NUMBER | |
| Classification number | 741.6 |
| Item number | JUN |
| 100 ## - MAIN ENTRY--PERSONAL NAME | |
| Personal name | kim jung-gi |
| 245 ## - TITLE STATEMENT | |
| Title | 2018 sketch collection |
| 260 ## - PUBLICATION, DISTRIBUTION, ETC. (IMPRINT) | |
| Place of publication, distribution, etc | 2018 |
| 942 ## - ADDED ENTRY ELEMENTS (KOHA) | |
| Source of classification or shelving scheme | |
| Withdrawn status | Lost status | Source of classification or shelving scheme | Damaged status | Koha normalized classification for sorting | Not for loan | Permanent location | Current location | Date acquired | Full call number | Barcode | Date last seen | Price effective from | Koha item type |
|---|---|---|---|---|---|---|---|---|---|---|---|---|---|
| 741_600000000000000_JUN | BMS College of Architecture, Design and Planning | BMS College of Architecture, Design and Planning | 2021-06-29 | 741.6 JUN | AR-UG2240 | 2021-06-29 | 2021-06-29 | UG Books |